000 00379nam a2200157Ia 4500
008 230312s9999||||xx |||||||||||||| ||und||
020 _a9783642117015
082 _a343.730
_bABE-A
100 _aAbeyratne;Ruwantissa
245 0 _aAviation Security Law-1
260 _bSpringer
_aUSA
_c2010
300 _a175
546 _aEng.
650 _aAviation
_vSecurity Law
942 _cBK
999 _c6662
_d6662